000 01695nam a2200313 i 4500
999 _c65202
_d65202
001 768714001
003 CO-MdFUSB
005 20190924125055.0
008 190910t2001 -usac||| |||| 00| 0 eng d
020 _a0830822089
040 _aCO-MdFUSB
_bspa
_cCO-MdFUSB
_dCO-MdFUSBC
_erda
041 _aeng
082 _223
_a283.0924
_bD849jo
100 _aDudley-Smith, Timothy.
_eautor
245 1 _aJohn Stott :
_ba global ministry.
_c/ Timothy Dudley-Smith.
264 1 _aEstados Unidos :
_bInterVarsity Press,
_c[2001]
264 4 _c© 2001
300 _a538 páginas
_c; 24 cm
336 _2rdacontent
_atexto
_btxt
337 _2rdamedia
_asin mediación
_bn
338 _2rdacarrier
_avolumen
_bnc
490 _aA Biography
505 _aLa década de 1960. -- Un ministerio establecido: Todas las almas y más allá. -- Liderazgo evangélico: fomentando el Evangelio. --Keele 1967: Señalando el camino a seguir. -- Viajes y escritura: La Palabra de Dios para el mundo de hoy. -- La década de 1970. -- Nuevas salidas: cambios at All Souls. -- Australia al Ártico: una parroquia mundial. --Evangelización mundial: la visión de Lausana. -- Cristo y las Escrituras: dejar que la Biblia hable. -- La década de 1980. -- Cristianismo pensante: el Instituto de Londres. -- Un ministerio global: viaja en seis continentes. -- Predicando y escribiendo: publicando la fe. -- La década de 1990 - Setenta más: presionando. -- Todavía impreso: sirviendo al cristiano contemporáneo. -- Líder, pastor, amigo, discípulo: vida en Cristo.
563 _aRústico.
600 0 _aStott, John R. W.,
_xBiografías.
650 0 _91238
_aBiografías cristianas
942 _cBK
945 _aJTF-925